000 01981nam a2200325 i 4500
001 768714001
003 CO-MdFUSB
005 20220322102854.0
008 220211t2013 ck ||||g |||| 00| 0bspa d
020 _a97807899176
_q21
040 _aCO-MdFUSB
_bspa
_cCO-MdFUSB
_dCO-MdFUSBC
_erda
041 _aspa
082 _223
_a248
_bD866
100 _aDugand, José Victor.
_eautor
245 1 3 _aDe esclavo a hijo :
_bencuentre su verdadera identidad como hijo del padre celestial.
_c/ José Victor Dugand
250 _aSegunda edición
264 1 _aBarranquilla, Colombia :
_bAntillas,
_c[2013]
264 4 _c© 2013
300 _a164
_c; 23 cm
336 _2rdacontent
_atexto
_btxt
337 _2rdamedia
_asin mediación
_bn
338 _2rdacarrier
_avolumen
_bnc
505 _aAgradecimientos. -- Prólogo. -- Introducción. -- pt.1. Un problema de identidad. -- pt.2. De regreso al padre. -- pt.3. El vacío del padre. pt.4. La vida abundante de los hijos. -- pt.5 Generación de hijos o ejército de esclavos. -- pt.6. ¿Hijo o esclavo? -- pt. 7. La dualidad de identidad. -- pt.8. La relación entre el padre terrenal y el padre celestial. -- pt.9. El verdadero concepto de paternidad. -- pt.10. Rompa el ciclo de la destrucción. -- Conclusión: Abrace la paternidad de Dios. -- Apéndice: Testimonios sobre los verdaderos conceptos de Dios. -- Acerca del autor. -- Acerca de Ekklesia Global.
520 1 _a¿Está frustrado con su vida espiritual? ¿Cree que debe haber algo más pero no sabe cómo buscarlo? Si ese es su caso, en De esclavo a hijo hallará las respuestas que le satisfarán en lo más profundo de su corazón. Este libro está diseñado para que pueda encontrar su verdadera identidad de hijo, se relacione en libertad con su padre celestial y disfrute la vida abundante que Él tiene para usted.
563 _aRústico
650 0 _951
_aVida espiritual
700 _96117
_aArau, Fernando.
_eprologuista
942 _cBK
945 _aJTF-925
999 _c67165
_d67165